Online
Catalog

Visitors who never left : (Record no. 19343)

MARC details
000 -CABECERA
campo de control de longitud fija 00657cam a2200181 i 4500
001 - NÚMERO DE CONTROL
campo de control 000019830
005 - FECHA Y HORA DE LA ÚLTIMA TRANSACCIÓN
campo de control 20200929170144.0
008 - DATOS DE LONGITUD FIJA--INFORMACIÓN GENERAL
campo de control de longitud fija 760331s1974 xxu 000 0 eng
020 ## - NÚMERO INTERNACIONAL ESTÁNDAR DEL LIBRO
Número Internacional Estándar del Libro 077480033X.
040 ## - FUENTE DE LA CATALOGACIÓN
Centro catalogador/agencia de origen DO-SdBNP
Lengua de catalogación spa
Centro/agencia transcriptor BNPHU
041 17 - CÓDIGO DE LENGUA
Código de lengua del texto/banda sonora o título independiente eng
245 00 - MENCIÓN DE TÍTULO
Título Visitors who never left :
Resto del título the origin of the people of Damelahamid /
Mención de responsabilidad, etc. translated and arr. by Kenneth B. Harris ; in collaboration with Frances M. P. Robinson.
260 ## - PUBLICACIÓN, DISTRIBUCIÓN, ETC.
Lugar de publicación, distribución, etc. Canadá :
Nombre del editor, distribuidor, etc. University of British Columbia Press,
Fecha de publicación, distribución, etc. 1974.
300 ## - DESCRIPCIÓN FÍSICA
Extensión xxiii, 139 p. ;
Dimensiones 23 cm.
504 ## - NOTA DE BIBLIOGRAFÍA, ETC.
Nota de bibliografía, etc. Biografía : p. 139.
700 1# - PUNTO DE ACCESO ADICIONAL--NOMBRE DE PERSONA
Nombre de persona Harris, Kenneth B.
9 (RLIN) 42326
700 1# - PUNTO DE ACCESO ADICIONAL--NOMBRE DE PERSONA
Nombre de persona Robinson, Frances M. P.
9 (RLIN) 42327
Holdings
Estado de retiro Estado de pérdida Restricciones de uso No para préstamo Código de colección Localización permanente Ubicación/localización actual Ubicación en estantería Fecha de adquisición Número de inventario Total de préstamos Signatura topográfica completa Código de barras Fecha visto por última vez Precio válido a partir de Tipo de ítem Koha
      Excluido de préstamo Monografías: Libros y Folletos General General En catalogación 07.07.2010 LF1   19830-10 25.06.2020 25.06.2020 No se presta

Powered by Koha